| 000 -LEADER |
| fixed length control field |
00960nam a2200229Ia 4500 |
| 001 - CONTROL NUMBER |
| control field |
1103 |
| 003 - CONTROL NUMBER IDENTIFIER |
| control field |
GE_BSU |
| 008 - FIXED-LENGTH DATA ELEMENTS--GENERAL INFORMATION |
| fixed length control field |
181216s||||||||xx |||||||||||||| ||und|| |
| 020 ## - INTERNATIONAL STANDARD BOOK NUMBER |
| International Standard Book Number |
9789994096664 |
| 040 ## - CATALOGING SOURCE |
| Transcribing agency |
GE_BSU |
| 080 ## - UNIVERSAL DECIMAL CLASSIFICATION NUMBER |
| Universal Decimal Classification number |
632.53+632.931.44+581.557.63+632.1 |
| 100 ## - MAIN ENTRY--PERSONAL NAME |
| Personal name |
ბუაჩიძე, კარლო |
| 245 ## - TITLE STATEMENT |
| Title |
პარაზიტი, ნახევრად პარაზიტი სარეველა მცენარეები და მათთან ბრძოლის ღონისძიებები (ჰერბოლოგია). |
| 245 ## - TITLE STATEMENT |
| Statement of responsibility, etc. |
რედ.ცაგურიშვილი გივი |
| 260 ## - PUBLICATION, DISTRIBUTION, ETC. |
| Place of publication, distribution, etc. |
თბილისი |
| 260 ## - PUBLICATION, DISTRIBUTION, ETC. |
| Name of publisher, distributor, etc. |
უნივერსალი |
| 260 ## - PUBLICATION, DISTRIBUTION, ETC. |
| Date of publication, distribution, etc. |
2007 |
| 300 ## - PHYSICAL DESCRIPTION |
| Extent |
131 გვ. 19 ცმ. |
| 653 ## - INDEX TERM--UNCONTROLLED |
| Uncontrolled term |
პარაზიტი მცენარეები; სარეველა მცენარეები |
| 942 ## - ADDED ENTRY ELEMENTS (KOHA) |
| Koha item type |
წიგნი |